000 00507nam a2200181 i 4500
001 68145
003 ES-MaACL
005 20250805050324.0
007 t|
008 040610s1955 sp ||||1| spa d
100 1 _aGárate Córdoba, José María.
_953925
245 1 4 _aLas huellas del Cid /
_cJosé María Gárate Córdoba.
260 _aBurgos :
_bAldecoa,
_c1955.
300 _a182 p. :
_bil. ;
_c20 cm.
600 0 4 _aEl Cid
_946886
852 _aES-MaACL
_jC-9700
_bR.37920
999 _c68145
_d68145